Waluty Azji - Statystyki

Ogólne statystyki
  • Ten quiz został rozwiązany 238 razy
  • Średni wynik to 17 z 47
Statystyki odpowiedzi
Hint Odpowiedź % Poprawnych
Afganistan afgani
76%
Arabia Saudyjska rial saudyjski
59%
Japonia jen
58%
Cypr euro
55%
Azerbejdżan manat
51%
Korea Północna won północnokoreański
49%
Korea Południowa won południowokoreański
48%
Indie rupia indyjska
45%
Chiny yuan
43%
Armenia dram
41%
Turcja lira turecka
41%
Izrael szekel
40%
Singapur dolar singapurski
39%
Filipiny peso filipińskie
38%
Indonezja rupia indonezyjska
38%
Sri Lanka rupia lankijska
38%
Pakistan rupia pakistańska
38%
Iran rial
35%
Tajlandia baht
34%
Wietnam dong
34%
Oman rial
34%
Nepal rupia nepalska
34%
Jordania dinar jordański
33%
Gruzja lari
33%
Malediwy rupia malediwska
33%
Kazachstan tenge
33%
Irak dinar iracki
31%
Zjednoczone Emiraty Arabskie dirham
31%
Liban funt libański
31%
Syria funt syryjski
31%
Laos kip
31%
Kambodża riel kambodżański
31%
Uzbekistan sum
31%
Timor Wschodni dolar amerykański
30%
Tajwan dolar tajwański
30%
Brunei dolar Brunei
29%
Tadżykistan somoni
29%
Mongolia tugrik
29%
Kuwejt dinar kuwejcki
28%
Turkmenistan manat turkmeński
28%
Malezja ringgit
28%
Kirgistan som
28%
Bahrajn dinar bahrajnu
26%
Bhutan ngultrum
25%
Mjanma kiat
23%
Katar rial Kataru
23%
Bangladesz taka bengalska
23%
Nie znaleziono quizów pasujących do podanych kryteriów
Rozkład punktacji
Procent ludzi z każdym wynikiem
Percentyl według liczby udzielonych odpowiedzi
Twoja historia wyników
Nie rozwiązałeś tego quizu